000 00857nam a22002297a 4500
003 OSt
005 20250124105519.0
008 250124b |||a|||| |||| 00| 0 spa d
020 _a9681647394
037 _bDonación
040 _aCO-JMCR
_cCO-JMCR
_bspa
_dCO-JMCR
_erda
041 1 _aspa
_heng
082 0 4 _a339.5
_bR22j
_223
100 1 _aRasmusen, Eric.
_eautor
_943991
245 1 0 _aJuegos e información :
_buna introducción a la teoría de juegos /
_cEric Rasmusen ; traducción de Roberto Reyes Mazzoni.
260 _aMéxico :
_bFondo de Cultura Económica,
_c1996.
300 _a548 páginas :
_bilustraciones ;
_c23 cm.
504 _aIncluye bibliografía e índice.
534 _pTítulo original.
_tGames and information. An Introduction to Game Theory.
700 1 _aReyes Mazzoni, Roberto,
_d1940-
_etraductor
_943992
942 _2ddc
_cBK
999 _c30916
_d17300